000 01909nam a22003737a 4500
001 104967
003 KnowledgeUnlatched
005 20210303104945.0
006 m o d
007 cr u||||||||||
008 210129p20192020xx o u00| u spa d
037 _5BiblioBoard
245 0 0 _aSeñales mutuas
_bEstudios transatlánticos de literatura española y mexicana hoy /
_cErika Martínez.
020 _a9783964567949
029 1 _ahttps://library.biblioboard.com/ext/api/media/461cadad-e8c3-42e9-a2ac-6c9ac253e309/assets/thumbnail.jpg
040 _aScCtBLL
_cScCtBLL
506 0 _aAccess copy available to the general public.
_fUnrestricted
_2star
700 1 _aMartínez, Erika
_eeditor.
264 1 _bIberoamericana Vervuert,
300 _a1 online resource (1 p.)
490 1 _aColección Letral
520 _aLos textos que constituyen este volumen llevan a cabo un análisis comparativo entre la producción literaria de España y México desde las últimas décadas del siglo XX hasta nuestros días, atendiendo a novelas y poemarios, pero también a otros géneros y discursos como el diario, el aforismo, el cine o la novela gráfica, sin olvidar los espacios de creciente transmedialidad.
588 0 _aDescription based on print version record.
590 _aKU Romance Studies
650 7 _aLiterary Criticism / Caribbean & Latin American
_2bisacsh
650 0 _aLiterature
_xHistory and criticism
655 0 _aElectronic books.
758 _iIs found in:
_aKnowledge Unlatched
_1https://openresearchlibrary.org/module/2774bc74-146a-484f-a7ba-ab1d6a09bbfb
830 0 _aColección Letral
856 4 0 _uhttps://openresearchlibrary.org/content/461cadad-e8c3-42e9-a2ac-6c9ac253e309
_zView this content on Open Research Library.
_70
999 _c33099
_d33099